[Event "Piraeus GM 01"]
[Site "Piraeus"]
[Date "2024.01.10"]
[Round "8"]
[White "Kosakowski, Jakub"]
[Black "Alexakis, Dimitris"]
[Result "1/2-1/2"]
[WhiteElo "2486"]
[BlackElo "2451"]
[PlyCount "84"]
[EventDate "2024.01.03"]
[EventType "tourn"]
[EventRounds "9"]
[EventCountry "GRE"]
[EventCategory "7"]
[SourceTitle "CB03_2024"]
[SourceDate "2024.01.17"]
[SourceVersion "1"]
[SourceVersionDate "2024.01.17"]
[SourceQuality "1"]

1. Nf3 c5 2. b3 Nc6 3. Bb2 d6 4. d4 cxd4 5. Nxd4 e5 6. Nxc6 bxc6 7. g3 Be6 8. Bg2 Rc8 9. c4 h5 10. Nd2 Nf6 11. Qc2 Nd7 12. 0-0-0 d5 13. f4 e4 14. Nxe4 dxe4 15. Bxe4 Qb6 16. f5 Qe3+ 17. Kb1 Nc5 18. Rd4 Bd7 19. Rhd1 Be7 20. b4 Rb8 21. bxc5 Bf6 22. Qd3 Qxd3+ 23. R1xd3 0-0 24. Rb3 Bxd4 25. Bxd4 Rfe8 26. Bd3 g6 27. fxg6 fxg6 28. Kc2 Bf5 29. Kd2 Rxb3 30. axb3 Kf7 31. Be3 Rb8 32. Kc3 Re8 33. Kd2 a5 34. Bf4 a4 35. bxa4 Bxd3 36. exd3 Ra8 37. Ke3 Rxa4 38. Ke4 Ke6 39. h4 Rb4 40. Bd6 Rb1 41. Bf4 Re1+ 42. Be3 Rf1 1/2-1/2

[Event "Piraeus GM 01"]
[Site "Piraeus"]
[Date "2024.01.06"]
[Round "4"]
[White "Kapnisis, Spyridon"]
[Black "Alexakis, Dimitris"]
[Result "0-1"]
[WhiteElo "2431"]
[BlackElo "2451"]
[PlyCount "88"]
[EventDate "2024.01.03"]
[EventType "tourn"]
[EventRounds "9"]
[EventCountry "GRE"]
[EventCategory "7"]
[SourceTitle "CB03_2024"]
[SourceDate "2024.01.17"]
[SourceVersion "1"]
[SourceVersionDate "2024.01.17"]
[SourceQuality "1"]

1. c4 e5 2. e3 Nf6 3. Nc3 Bb4 4. Nge2 c6 5. a3 Ba5 6. c5 0-0 7. Qc2 Bc7 8. Ng3 b6 9. b4 a5 10. Rb1 axb4 11. axb4 bxc5 12. bxc5 Ra5 13. Be2 Na6 14. Na4 d6 15. cxd6 Bxd6 16. 0-0 Nb4 17. Qd1 e4 18. Bb2 Nbd5 19. Nc3 Re8 20. Ra1 Be5 21. Rxa5 Qxa5 22. Qa1 Qxa1 23. Rxa1 Nxc3 24. Bxc3 Bxc3 25. dxc3 Nd5 26. c4 Nc3 27. Bf1 f5 28. Ra7 Rd8 29. Ra3 Nb1 30. Ra8 g6 31. c5 Kf7 32. Ne2 Ke8 33. Nd4 Bd7 34. Ra7 Rb8 35. h4 Nd2 36. Ba6 Rb1+ 37. Kh2 Ra1 38. Ra8+ Ke7 39. h5 g5 40. Bb7 Nf1+ 41. Kh3 f4+ 42. g4 Rd1 43. Rh8 fxe3 44. fxe3 Rd2 0-1

[Event "EU-ch Blitz"]
[Site "Zagreb"]
[Date "2023.12.16"]
[Round "9"]
[White "Sarana, Alexey"]
[Black "Alexakis, Dimitris"]
[Result "1-0"]
[WhiteElo "2688"]
[BlackElo "2462"]
[PlyCount "159"]
[EventDate "2023.12.16"]
[EventType "swiss (blitz)"]
[EventRounds "13"]
[EventCountry "CRO"]
[SourceTitle "CB51_2023"]
[SourceDate "2023.12.20"]
[SourceVersion "1"]
[SourceVersionDate "2023.12.20"]
[SourceQuality "1"]

1. d4 Nf6 2. c4 e6 3. Nc3 Bb4 4. e3 0-0 5. Bd3 c5 6. Nf3 d5 7. 0-0 Nc6 8. a3 Bxc3 9. bxc3 dxc4 10. Bxc4 Qc7 11. Qe2 e5 12. h3 exd4 13. cxd4 cxd4 14. exd4 Re8 15. Qd3 Be6 16. Bg5 Nb4 17. axb4 Bxc4 18. Qc2 Nd5 19. Rfc1 b5 20. Ne5 f6 21. Nxc4 Qxc4 22. Qxc4 bxc4 23. Ra5 Rad8 24. Bd2 Re4 25. Rxc4 Re2 26. Bc1 Nb6 27. Rc7 Nd5 28. Rc4 Nb6 29. Rcc5 Rd7 30. Be3 Rb2 31. Rab5 Kf7 32. Kh2 Ke6 33. Rc6+ Kf7 34. Rcc5 Ke6 35. Kg3 Nd5 36. Rc4 Nb6 37. Rc6+ Kf7 38. Kf3 Nd5 39. Rc4 a6 40. Rb8 a5 41. b5 Rb4 42. Rc6 a4 43. Ra6 Nc3 44. b6 Nd5 45. Ra7 Ke6 46. b7 Kf7 47. Bd2 Rb3+ 48. Be3 a3 49. Ke4 Nc3+ 50. Kf3 a2 51. Kg4 Rb1 52. Rba8 Rdxb7 53. Ra3 R1b3 54. R3a6 Kg6 55. h4 h5+ 56. Kh3 Nd5 57. Rxa2 Nxe3 58. fxe3 Rxe3+ 59. g3 Rbb3 60. Rg2 Rbd3 61. Rd8 Re4 62. Ra2 Rg4 63. Rg2 f5 64. Kh2 Kh7 65. Rd7 Kh6 66. Rd8 g6 67. Rd6 Kg7 68. d5 Kf7 69. Ra2 Ke7 70. Re6+ Kd7 71. Ra7+ Kc8 72. Rf6 Kb8 73. Re7 Rc4 74. Rxg6 Rxd5 75. Rg5 Rd2+ 76. Kh3 Rcc2 77. Rg8+ Rc8 78. Rgg7 f4 79. Rb7+ Ka8 80. Ra7+ 1-0

[Event "GRE-ch 72nd"]
[Site "Athens"]
[Date "2023.12.04"]
[Round "4"]
[White "Kourkoulos Arditis, Stamatis"]
[Black "Alexakis, Dimitris"]
[Result "1/2-1/2"]
[WhiteElo "2543"]
[BlackElo "2458"]
[PlyCount "89"]
[EventDate "2023.12.01"]
[EventType "tourn"]
[EventRounds "9"]
[EventCountry "GRE"]
[EventCategory "6"]
[SourceTitle "CB50_2023"]
[SourceDate "2023.12.13"]
[SourceVersion "1"]
[SourceVersionDate "2023.12.13"]
[SourceQuality "1"]

1. e4 c5 2. Nf3 e6 3. d4 cxd4 4. Nxd4 Nc6 5. Nc3 Qc7 6. Be3 a6 7. a3 b5 8. Nxc6 Qxc6 9. Be2 Bb7 10. 0-0 Nf6 11. Bf3 e5 12. Nd5 Bc5 13. Qd3 Nxd5 14. exd5 Qb6 15. Rfe1 d6 16. Bxc5 Qxc5 17. b4 Qc4 18. Qxc4 bxc4 19. Be2 c3 20. f4 f6 21. Bg4 Ke7 22. Re3 Bxd5 23. Rxc3 Ra7 24. Rd1 Be4 25. Kf2 Rb8 26. fxe5 fxe5 27. Be2 Rb6 28. Rg3 g6 29. c4 a5 30. Re3 Bf5 31. c5 dxc5 32. bxc5 Rb2 33. Rxe5+ Kf6 34. Re3 Rc2 35. Rd6+ Kg7 36. c6 Rc7 37. Re5 Bg4 38. Ke1 Bxe2 39. Rxe2 R2xc6 40. Rxc6 Rxc6 41. Re5 Rc1+ 42. Kf2 Rc2+ 43. Kf3 a4 44. Re7+ Kh6 45. h4 1/2-1/2

[Event "Wch U20 Rapid"]
[Site "Pula"]
[Date "2023.10.10"]
[Round "2"]
[White "Alexakis, Dimitris"]
[Black "Bettalli, Francesco"]
[Result "1-0"]
[WhiteElo "2458"]
[BlackElo "2274"]
[PlyCount "101"]
[EventDate "2023.10.10"]
[EventType "swiss (rapid)"]
[EventRounds "11"]
[EventCountry "ITA"]
[SourceTitle "Mega2024 Update 01"]
[Source "Chessbase"]
[SourceDate "2023.11.12"]
[SourceVersion "1"]
[SourceVersionDate "2023.11.12"]
[SourceQuality "1"]

1. e4 c5 2. Nf3 Nc6 3. Bb5 g6 4. 0-0 Bg7 5. c3 Nf6 6. Re1 0-0 7. d4 d5 8. e5 Ne4 9. Bxc6 bxc6 10. Be3 Rb8 11. Qc1 c4 12. Nfd2 Bf5 13. b3 Nxd2 14. Nxd2 Bd3 15. Qa3 Qd7 16. Qa4 f6 17. exf6 Bxf6 18. bxc4 Rb2 19. cxd5 Qxd5 20. Qa3 Rc2 21. Rec1 Qf5 22. Rxc2 Bxc2 23. Qxa7 Bg5 24. Qc5 Qxc5 25. dxc5 Bxe3 26. fxe3 Ra8 27. Nc4 Be4 28. a4 Kf7 29. a5 Ra6 30. Kf2 Ke6 31. Nb6 Bd3 32. c4 Ke5 33. Ra3 Ke4 34. h4 h6 35. g4 g5 36. h5 e6 37. Nd7 Bc2 38. Ke2 Ra7 39. a6 Bd1+ 40. Kf2 Bxg4 41. Nb8 e5 42. Nxc6 Ra8 43. a7 Bd7 44. Ne7 g4 45. c6 Rf8+ 46. Kg2 Rf2+ 47. Kxf2 g3+ 48. Kg1 g2 49. a8B Bc8 50. c7+ Bb7 51. Bxb7# 1-0

[Event "GRE-chT 50th"]
[Site "Nikaia"]
[Date "2023.08.27"]
[Round "4.2"]
[White "Alexakis, Dimitris"]
[Black "Mastrovasilis, Athanasios"]
[Result "1-0"]
[WhiteElo "2446"]
[BlackElo "2484"]
[PlyCount "75"]
[EventDate "2023.08.25"]
[EventType "team"]
[EventRounds "9"]
[EventCountry "GRE"]
[SourceTitle "EXT 2024"]
[Source "ChessBase"]
[SourceDate "2023.10.10"]
[SourceVersion "1"]
[SourceVersionDate "2023.10.10"]
[SourceQuality "1"]
[WhiteTeam "Piraikos"]
[BlackTeam "Amo Galaxias"]
[WhiteTeamCountry "GRE"]
[BlackTeamCountry "GRE"]

1. e4 e5 2. Nc3 Nf6 3. d4 exd4 4. Qxd4 Nc6 5. Qd3 Bc5 6. Bf4 0-0 7. 0-0-0 Ng4 8. Nh3 d6 9. Qg3 f6 10. Be2 Nge5 11. Be3 Bxe3+ 12. Qxe3 Be6 13. f4 Nd7 14. g4 Nc5 15. Rhg1 Kh8 16. f5 Bf7 17. g5 Ne5 18. g6 hxg6 19. Nf4 g5 20. Nd3 Qe8 21. h4 g4 22. h5 Ncxd3+ 23. cxd3 c5 24. Bxg4 d5 25. h6 g5 26. fxg6 Bxg6 27. Qxc5 dxe4 28. dxe4 Nxg4 29. Rxg4 Rc8 30. Qg1 Bh5 31. Rg7 Rf7 32. Rd5 Rfc7 33. Qg3 Rxc3+ 34. bxc3 Qxe4 35. Rxh5 Rd8 36. Rd5 Qh1+ 37. Kb2 Qxd5 38. Rh7+ 1-0